000 00421nam a2200145Ia 4500
008 230917s9999||||xx |||||||||||||| ||und||
040 _e42790
_aMAIN
041 _aEnglish
082 _a942 S13S
100 _aStafford, William
245 0 _aSocialism, radicalism, and nostalgia: social criticism in Britain, 1775- 1830
260 _aCambridge
_bCambridge University Press
_c1987
300 _aviii, 304 p.
942 _cBK
999 _c95845
_d95845